000 00510nam a22001697a 4500
003 MACL
005 20160724123302.0
008 160724b xxu||||| |||| 00| 0 eng d
040 _cMACL
041 _aHindi
082 _a200 KUM
100 _aकुमार, पवन
_951620
245 _aचित्रांकित रामायण
_cपवन कुमार
260 _aजयपुर
_bपारीक बुक डिपो
_c2014
650 _aधर्म
_965190
942 _2ddc
_cHIN
999 _c54873
_d54873